Re-using redundant farm buildings - planning problems (Record no. 2218)

MARC details
000 -LEADER
fixed length control field 01154cab a2200229 4500
001 - CONTROL NUMBER
control field ABS37300
008 - FIXED-LENGTH DATA ELEMENTS--GENERAL INFORMATION
fixed length control field 090401t1986 xxu||||| |||| 00| 0 eng d
035 ## - SYSTEM CONTROL NUMBER
System control number (Sirsi) u3610
041 ## - LANGUAGE CODE
Language code of text/sound track or separate title eng
100 ## - MAIN ENTRY--PERSONAL NAME
Personal name Lillington, D.
245 ## - TITLE STATEMENT
Title Re-using redundant farm buildings - planning problems
260 ## - PUBLICATION, DISTRIBUTION, ETC.
Date of publication, distribution, etc. 1986
350 ## - PRICE (NR) (BK AM CF MU VM SE) [OBSOLETE]
Price 0
490 ## - SERIES STATEMENT
Series statement Farm Management
Volume/sequential designation 6 (4) Winter 1986, 159-166 (8)
520 ## - SUMMARY, ETC.
Summary, etc. Describes some of the problems which may be encountered in the conversion of redundant farm buildings to alternative uses . Obtaining planning permission is one of the most frequent problems encountered and the article looks at the difficulties in relation to the use that is to be made of the building. Covers conversions to dwellings , holiday accommodation , public use , and a return to agricultural use . Concludes that although the conversion of farm buildings has promoted conservation of unique buildings, it is often expensive and local authorities may still impose constraints.
650 ## - SUBJECT ADDED ENTRY--TOPICAL TERM
Topical term or geographic name entry element REDUNDANT BUILDINGS
690 ## - LOCAL SUBJECT ADDED ENTRY--TOPICAL TERM (OCLC, RLIN)
Topical term or geographic name as entry element RURAL PRACTICE
700 ## - ADDED ENTRY--PERSONAL NAME
Personal name Carpenter, J.
700 ## - ADDED ENTRY--PERSONAL NAME
Personal name Warren, M.
942 ## - ADDED ENTRY ELEMENTS (KOHA)
Suppress in OPAC 0
948 ## - LOCAL PROCESSING INFORMATION (OCLC); SERIES PART DESIGNATOR (RLIN)
c (OCLC) 04/03/1997
Holdings
Withdrawn status Lost status Source of classification or shelving scheme Damaged status Not for loan Home library Current library Shelving location Date acquired Total Checkouts Full call number Barcode Date last seen Copy number Price effective from Koha item type
    Dewey Decimal Classification     London London Journal article 14/09/1999   ABS37300 3610-1001 06/08/2019 1 06/08/2019 Journal article